Quizzes
Events
Quiz Creation
Community
Videos
Private Events
Remove Ads
Sign In
Join for FREE
Feedback
Dark Mode
Quiz Categories
Sports
Geography
Music
Movies
Television
Just For Fun
Miscellaneous
History
Literature
Language
Science
Gaming
Entertainment
Religion
Holiday
For Kids
Quiz Lab
Recent
Popular Today
Quiz Kudos Today
Editor Picks
Curator Picks
Quizzes by...
Day
Popularity
Type
Ratings
Length
Year
Community
Subscriptions
Recent Discussions
Orange Saloon
Badges
Playlists
Quests
Create
Leaderboards
Showdown
Live 5
Trivia Bingo
Activity
Puzzle Library
Sporcle Events
Private Events
Virtual Trivia
Globe League
Become a Host
Pub Owners
SporcleCon
Opinionation
Our Games
Videos
Blog
Mobile Apps
Partnerships
Remove Ads and Go Orange
Feedback
Sports
Athletes
MLB
NBA
NHL
NFL
Soccer
Sports Teams
WWE
NCAA
Football
Premier League
Basketball
Baseball
Hockey
Golf
Tennis
Cricket
Rugby
Auto Racing
Olympics
World Cup
Sports
Athletes
MLB
NBA
NHL
NFL
Soccer
Sports Teams
WWE
NCAA
Football
Premier League
Basketball
Baseball
Hockey
Golf
Tennis
Cricket
Rugby
Auto Racing
Olympics
World Cup
Random Quiz
Search Sporcle
×
Quiz Lab
Quiz Lab
Sports
WWE
Click on answers out of a set of options
Click on answers out of a set of options
Multiple Choice
Best Score? Go Orange.
WWE Birthnames Stats
Choose the Real name of the wrestler
By
Lazylazi312
6m
14 Questions
182 Plays
182 Plays
182 Plays
Comments
Comments
Give Quiz Kudos
Give Quiz Kudos
-
- Ratings
hide this ad
Random Order
Randomize order of answers
Randomize order of answers
Replay
Link that replays current quiz
Next Quiz
Link to next quiz in quiz playlist
You Got
0%
They Got
Avg Score
69%
Avg Friend Score
Upgrade to see
Score Distribution
Jump to the score distribution portion of the page
Score
0/14
Timer
06:00
0
Plays Today
Question
Answer
Wrong Answers
What is Brock Lesnar's real name
Brock Lesnar
94.5%
Barry Lenstein
2.2%
Bob Lenny
2.7%
Harry Martell
0.5%
What is Undertaker's Real Name
Mark Callaway
92.9%
William Callaway
3.8%
Gleen Jacobs
0.5%
Jack Middleton
0.5%
What is Hulk Hogan's real name
Terry Bollea
87.4%
Hulk Hogan
9.3%
Henry Hanstein
1.6%
Brett Gullea
1.1%
What's Razor Ramon's real name
Scott Hall
84.6%
Randy Ramon
3.3%
Razor Ramon
1.1%
Scottie Handerson
7.7%
What is John Cena's real name
John Cena
83%
Johnathan Cena
9.9%
Johnny Ceret
0%
Felix Anthony
6.6%
What's Shawn Michaels' real name
Michael Hickembottom
81.9%
Shawn Michaels
8.2%
Shane Macmananun
0.5%
Michael Hinderbottom
5.5%
What's Vince McMahon's Real Name
Vincent McMahon
80.8%
Vince McMahon
14.8%
Vin McMahon
0%
Vinny McMahon
0.5%
What's Roddy Piper's real name
Roderick Toombs
69.8%
Roddy Piper
14.8%
James Janos
3.3%
Pierre Clement
8.8%
What is Randy Orton's real name
Randal Orton
64.8%
Randy Orton
33%
Rick Orton
1.1%
Randy Ortana
0.5%
What's Stone Cold Steve Austin's real name
Steve Williams
63.7%
Steve Austin
29.7%
Terrell Dallas
3.3%
Harold Keith
0.5%
What is Nikki Bella's real name
Stephanie Colase
59.3%
Nikki Bella
4.9%
Garcia Colase
8.2%
Nicole Bella
25.3%
What is Great Khali's Real Name
Dalip Rana
51.6%
Raj Khali
15.4%
Jokar Singh
15.4%
Baha Hudden Singh
15.4%
What is Jimmy Snuka's real name
James Reiner
48.4%
Jimmy Snuka
27.5%
Hikufi Snuka
16.5%
Barry Santonio
4.9%
What is AJ Lee's real name
April Brooks
44.5%
April Mendez
40.1%
AJ Lee
3.3%
Jennette Mendez Brooks
10.4%
Quiz Playlist
Details
Report
Send in Message
Add To Playlist
Multiple Choice:
Click on answers out of a set of options
Random Order:
Randomize order of answers
Last Updated: Jun 4, 2017
Quiz Scoreboard
CHALLENGE
Sign Up to Join the Scoreboard
Show All
Scores
Hide
Comments
May contain spoilers
Recently Published
An Introduction to Baseball
by treessimontrees
Sports
5m
Movies - When Are They Set?
by FPL_Elf
Movies
5m
Popular People in 1961
by mucciniale
History
6m
More to Explore
Quiz From the Vault
Featured Blog Post
Where Did the Easter Bunny Come From?
hide this ad
You Might Also Like...
Tags
WWE Quiz
birthmate
Today's Top Quizzes in Sports
Browse Sports
hide this ad
Today's Top Quizzes in WWE
Browse WWE
Top Contributed Quizzes in Sports
1
Les meilleurs buteurs des matchs entre le PSG et l’OM
2
2022 World Cup Stars
3
FIFA Club World Cup Champions
4
Les entraîneurs de l'OM et du PSG au 21e siècle
5
Name the Premier League winners with different clubs
6
La finale Lions - Afrique du Sud 2021
7
Criteria MLB: Left Handed Sluggers
8
Les joueurs passés par le LOSC et le RC Lens
9
Players with Multiple 50 Home Run Seasons
10
MLB Players with Two .350 Batting Average Seasons
Explore More
Trending Topics
Harry Potter
Kpop
NBA
Disney
Marvel
Crossword
Anime
Country
Pokémon
NFL
Puzzle
Song
Soccer
WWE
The Office
hide this ad
More By:
Lazylazi312
Quiz
Plays
Rating
Category
Featured
Created
WWE Chain Quiz
759
2.75
Sports
Jun 1, 2017
WWE Birthnames
182
1.17
Sports
Jun 1, 2017
Go to Creator's Profile
Score Distribution
Quiz Creator Spotlight
Lazylazi312
Follow
Send a Message
Quizzes Created
-
Created Quiz Play Count
-
More By This Creator
Popular Quizzes Today
1
Find the Countries of Europe - No Outlines Minefield
2
Find the US States - No Outlines Minefield
3
The Countries of the World
4
Popular People in 1961
5
US States
6
1-10 Letter E Words III
7
Find the US States
8
Risky Map Clicking: Biggest States A-Z
More Sports Quizzes
Champions League Goalscorers: Liverpool
Quiz Lab
Trending Quizzes
Risky Map Clicking: Least Populous States A-Z
1-10 Letter F Words
1-10 Letter G Words
One Thing in Common: United Kingdom
Risky Map Clicking: Next State Alphabetically
Recently Updated
Leaping Animals
pecheneg
Reality TV Shows (A-Z)
bhenderson79
Rickey Henderson's Hall of Fame Teammates
pecheneg
Champions League XIs: Arsenal
pecheneg
Quick Pick: Celebrities in WWE's Hall of Fame
aduchscher
A-Z Keypad Blitz II
pecheneg
Multiple Oscar Actors
pecheneg
Mystery Phrase Blitz: Oscar 'Best Actors'
pecheneg
F. Scott Fitzgerald Novels
LTH
Pick 3 Villains
ddd62291
Trending Topics
Harry Potter
NBA
Disney
Kpop
Crossword
Anime
Marvel
NFL
The Office
WWE
Country
Puzzle
Song
Pokémon
Soccer
Your Account Isn't Verified!
In order to create a playlist on Sporcle, you need to verify the email address you used during registration. Go to your
Sporcle Settings
to finish the process.
Report this User
Report this user for behavior that violates our
Community Guidelines
.
Details:
Send Report
Go to the Sporcle.com Mobile Site →
Comments